Statistics for Title in the Lyrics -- Songs That Start With E #2

Click here to take the quiz!

General Stats

  • This quiz has been taken 43 times
  • The average score is 3 of 15

Answer Stats

Lyrics Title % Correct
_______ _____ picks up the rice in the church where a wedding has been / Lives in a dreamEleanor Rigby
51%
I said ooh girl / Shock me like an electric eel / Baby girl / Turn me on with your ________ ____Electric Feel
49%
'Cause _________ __ _____, I get this feeling / And everytime we kiss I swear I could flyEverytime We touch
46%
__________ __ _______ / Everything is cool when you're part of a teamEverything is Awesome
38%
He's _________ ___ ____ / He's everything you need / He's everything inside of you / That you wish you could beEverything You Want
33%
Cause girl you're perfect / You're always worth it / And you deserve it / The way you work it / Cause girl you ______ __Earned It
26%
Well, I've got thick skin and an _______ _____ / But your blade--it might be too sharpElastic Heart
23%
'Cause all I know is we said hello / And your eyes look like coming home / All I know is a simple name, __________ ___ _______Everything Has Changed
18%
_________ ____ ___ _______ / Everybody Wang Chung tonightEverybody Have Fun Tonight
18%
_____ _______ there's a halo hangin' from the corner of my girlfriend's four post bedEvery Morning
15%
Hello / I've waited here for you / ________Everlong
5%
Baby, ____ ___ ______ get lucky sometimesEven the Losers
3%
But the moment that I first laid / Eyes on him all alone / On the ____ __ _________Edge of Seventeen
3%
_________ _____ ___ ____ sometime / There's no exception to the ruleEverybody Plays the Fool
0%
These games you play / They're going to end in more than tears some day / Ah-ha _____ ___ / It shouldn't have to end this wayEnola Gay
0%

Score Distribution

Percentile by Number Answered

Percent of People with Each Score

Your Score History

You have not taken this quiz